The United States commemorative stamps of the twentieth century (Record no. 3216)

000 -LEADER
fixed length control field 00547nam a22000977a 4500
008 - FIXED-LENGTH DATA ELEMENTS--GENERAL INFORMATION
fixed length control field 211118b ||||| |||| 00| 0 eng d
100 ## - MAIN ENTRY--AUTHOR'S NAME
Author's Name Johl, Max G
245 ## - TITLE STATEMENT
Title The United States commemorative stamps of the twentieth century
Remainder of title vol.2
260 ## - PUBLICATION, DISTRIBUTION, ETC. (IMPRINT)
Place of publication, distribution, etc. New York, N.Y.
Name of publisher, distributor, etc. H.L. Lindquist
Date of publication, distribution, etc. 1947
650 ## - TOPICAL TERM (Tag)
Topical term or geographic name United States | Commemorative Issues | 1901-1947 | 20th Century | Postal History | Stamps -- Histories | Production | Errors and Varieties | Plates and Plating | Plate Blocks and Numbers | Designs | Designs -- Unaccepted | Postal Markings | Machine Cancels
Holdings
Withdrawn status Lost status Source of classification or shelving scheme Damaged status Koha normalized classification for sorting Not for loan Permanent Location Current Location Date acquired Total Checkouts Full call number Barcode Date last seen Price effective from Koha item type
        G3701 C734 J65   Northern Philatelic Library Northern Philatelic Library 11/18/2021   G3701 .C734 J65 1005656 11/18/2021 11/18/2021 Books

Powered by Koha